000 00979 a2200253 4500
001 62522
005 20260407155918.0
008 260407a2001 arg spa d
003 AR-UNSa-BCEJYS
040 _aAR-UNSa-BCEJYS
_bspa
_cAR-UNSa-BCEJYS
080 _a654.15
_xTelefonía Alámbrica
245 1 0 _aLa telefonía en la Argentina
_pDe la privatización a la desregulación
020 _a978-950-537-562-2
264 1 _aBuenos Aires :
_bEdiciones Macchi
_c2001
300 _axii, 531 p.
_c22 cm.
505 _a1. Teoría económica aplicada a las telecomunicaciones - 2. La transformación del sector – 3. La privatización – 4. La posibilidad de competencia – 5. Interconexión y servicio universal – 6. La desregulación – 7. Perspectivas.
041 _aspa
942 _cBK
590 _aniveau_biblio:m niveau_hierar:0
100 1 _aBeker, Víctor Alberto
700 1 _aCenzon, Edgardo
700 1 _aGalperin, Carlos
700 1 _aRozenwurcel, Guillermo
999 _c7689
_d7689